Programa, tesis, estatutos

Kaydedildi:
Detaylı Bibliyografya
Müşterek Yazar: Partido Vanguardia Popular (Costa Rica)
Materyal Türü: Metin
Baskı/Yayın Bilgisi: San José: PVP
Konular:
Etiketler: Etiketle
Etiket eklenmemiş, İlk siz ekleyin!

MARC

LEADER 00000 a a2200000 04500
001 15252
003
040
090 |a 021300  
110 |a Partido Vanguardia Popular (Costa Rica)  
245 |a Programa, tesis, estatutos  
260 |a San José:   |b PVP  
300 |a 47 p.  
650 |a PARTIDOS POLITICOS  
999 |c 10005  |d 10005